| 000 | 00459cam a2200181ua 4500 | ||
|---|---|---|---|
| 020 | _cRs 12.60 | ||
| 041 |
_aeng _h |
||
| 082 |
_a620.1 _bDUR/WO |
||
| 100 | _aDueney, W C . | ||
| 245 |
_aWorked examples in applied mechanics / _cW C Dueney. _hTextual Documents |
||
| 250 |
_a1 / _b. |
||
| 260 |
_aLondon : _bSir Isaac Pitman & Sons Ltd , _c1959. |
||
| 300 | _a250 ; . | ||
| 365 | _aRs 12.60 | ||
| 504 | _a | ||
| 942 | _cBK | ||
| 999 |
_c1950 _d1950 |
||